Staro Srpsko knjižarstvo /

Saved in:
Bibliographic Details
Main Author: Starčević, Velimir.
Format: Book
Published: Beograd : Prosveta, 1997.
Subjects:
Tags: Add Tag
No Tags, Be the first to tag this record!
LEADER 00979nam a2200277Ia 4500
001 007700976-2
005 20020606104010.5
008 971222s1997 yu ac b 001 0 srp d
020 |a 8607011227 
035 0 |a ocm38124079 
040 |a NYP  |c NYP  |d HLS 
043 |a e-yu--- 
050 0 0 |a Z443.83.S47  |b S73 1997 
100 1 |a Starčević, Velimir. 
245 1 0 |a Staro Srpsko knjižarstvo /  |c Velimir Starčević. 
260 |a Beograd :  |b Prosveta,  |c 1997. 
300 |a 356 p. :  |b ill., ports. ;  |c 20 cm. 
500 |a Errata slip inserted. 
504 |a Includes bibliographical references (p. [335]-337) and index. 
546 |a In Serbo-Croatian  |b (Cyrillic). 
650 0 |a Book industries and trade  |z Yugoslavia  |z Serbia  |x History. 
650 0 |a Booksellers and bookselling  |z Yugoslavia  |z Serbia  |x Biography. 
650 0 |a Publishers and publishing  |z Yugoslavia  |z Serbia  |x History. 
650 0 |a Publishers and publishing  |z Yugoslavia  |z Serbia  |x Biography. 
988 |a 20020608 
906 |0 OCLC